| 000 | 02275nam a2200277 i 4500 | ||
|---|---|---|---|
| 003 | DO-SdBNP | ||
| 005 | 20260515120122.0 | ||
| 007 | ta | ||
| 008 | 260515e2025 dr ||||gr|||||||| |bspa d | ||
| 020 | _a9789945944693 | ||
| 040 |
_aDO-SdBNP _bspa _cBNPHU _erda |
||
| 041 | _aspa | ||
| 082 |
_bG216p 2025 _222 |
||
| 100 |
_aGarcía Álvarez, Clariel, _d1975- _989593 _eautor |
||
| 245 |
_aPoemas con historia / _cClariel García Álvarez. |
||
| 264 |
_aSanto Domingo, República Dominicana : _bEditora Poetas De La Era, _c2025. |
||
| 300 |
_a183 páginas ; _c23 x 15.5 cm. |
||
| 336 |
_atexto _btxt _2rdacontent |
||
| 337 |
_asin mediación _bn _2rdamedia |
||
| 338 |
_avolumen _bnc _2rdacarrier |
||
| 500 | _aIncluye biografía de la autora en la solapa. | ||
| 520 | _aEste libro sirve de lienzo a historias contadas con rima y matizadas de sentimientos. Las palabras se conservan tal como nacieron, el espíritu de su contenido no es pretencioso ni fastuoso. La autora no utiliza un lenguaje rebuscado ni complejos recursos literarios, sino que cada página refleja un fragmento de una historia tan usual como la vida misma, anécdotas que te envuelven entre versos, consonancia de palabras que hablan de algo o alguien, que aunque el lector no conozca se sentirá parte de ello. La autora juega con el tiempo, entremezcla pasado y presente, impregna de un sentimiento tal cada verso, que puede lograr trasladarnos al instante justo de lo que reseña, sus rimas ponen en contexto al lector de cada suceso, pueden sacar tantas lágrimas como carcajadas, y nos pasean por etapas de la vida que todos en algún momento pasamos, incluso podrían hacernos evocar nuestra propia existencia. Algunos poemas invitan a la reflexión, convidan al lector a sumergirse en su interior y valorar su realidad, sufrir sus pérdidas, valorar su entorno, apreciar sus circunstancias. En general, en estas páginas la poesía florece sin alardes, pero con colores pasteles que permiten conservar el sosiego mientras leemos. El libro nos regala una lectura grata y atrayente, que transcurre entre la jovialidad, la sensibilidad y los sentimientos. | ||
| 590 | _aInventariado, 2026/WG. | ||
| 650 | 0 |
_aPoesía moderna y contemporánea _989594 _y(desde 1900 en adelante) |
|
| 942 |
_2ddc _cLBS1 |
||
| 999 |
_c60757 _d60757 |
||